1905 1624 1276 1419 1037 1471 1187 1292 1997 1060 1547 1979 1637 1779 1337 1307 1129 1265 1708 1032 1633 1518 1082 1135 1627 1512 1714 1800 1566 1243 1148 1143 1480 1684 1093 1935 1220 1547 1261 1381 1878 1062 1383 1943 1440 1851 1735 1866 1403 1404 1265 1222 1790 1788 1451 1941 1060 1920 1864 1392 1047 1892 1236 1998 1306 1136 1740 1056 1128 1581 1012 1907 1523 1516 1688 1691 1150 1517 1339 1027 1917 1216 1522 1185 1117 1228 1287 1202 1962 1197 1627 1384 1470 1165 1416 1454 1355 1988 1944 BCNSPRNW ULIB Ver.6.0+V

เปลี่ยนเป็นภาษาไทย

Change to English
 แสดงรายละเอียดบรรณานุกรม
  กลับหน้าหลัก

Brief Record : Get Marc (ISO 2709) : E-mail record : QR code < ปิดหน้าต่าง
LEADER : 00000nam 2200000uu 4500
001    13399112806
003     ULIB
008    110627s2550||||th 000 0 tha d
020    9789742556723
090    นว.^bพ541พ ล.2 2550
100 0  พัดชา,นามแฝง
245 00 พรหมรัถยา เล่ม 2 /^cพัดชา,นามแฝง
250    พิมพ์ครั้งที่ 1
260    กรุงเทพฯ :^bบูรพาสาส์น,^c2550
300    428 หน้า
710 1  บูรพาสาส์น
945    ^p400^l0^i022011
995    ทศพร
999 ^a ใช้งานได้ทุกระบบ
รายการนี้ยังไม่มีแท็ก
คุณยังไม่ได้ล็อกอิน คุณสามารถมีกิจกรรมร่วมกับเว็บไซต์ได้ แต่ต้องล็อกอินก่อน ::
  ล็อกอิน

รายการสื่อสารสนเทศ

ลำดับที่ ประเภท เลขเรียก/บาร์โค้ด สถานที่ สถานะ
- ไม่พบข้อมูล -

รายการใกล้เคียง
    ผู้แต่ง [พัดชา,นามแฝง]

BibComment


ยังไม่เคยถูกคอมเมนท์

คอมเมนท์ทรัพยากรรายการนี้
  คอมเมนท์: พรหมรัถยา เล่ม 2 ..


 Copyright 2026. Bcnsprnw @Library